[Event "EU Small Countries ol 7th"]
[Site "Sliema"]
[Date "2021.11.29"]
[Round "2.3"]
[White "Van Hoolandt, Patrick"]
[Black "Mazkevich, Elena"]
[Result "1-0"]
[WhiteElo "2017"]
[BlackElo "1696"]
[PlyCount "113"]
[EventDate "2021.11.28"]
[EventType "team-tourn"]
[EventRounds "9"]
[EventCountry "MLT"]
[SourceTitle "CBM 205 Extra"]
[Source "ChessBase"]
[SourceDate "2022.01.31"]
[SourceVersion "1"]
[SourceVersionDate "2022.01.31"]
[SourceQuality "1"]
[WhiteTeam "Monaco"]
[BlackTeam "ESNA Women"]
[WhiteTeamCountry "MNC"]
[BlackTeamCountry "NET"]

1. d4 g6 2. c4 Nf6 3. Nc3 Bg7 4. e4 d6 5. Nf3 0-0 6. Be3 Ng4 7. Bg5 f6 8. Bh4 g5 9. Bg3 e5 10. Be2 h5 11. h4 gxh4 12. Rxh4 Qe8 13. Nd5 Na6 14. dxe5 dxe5 15. Nh2 f5 16. exf5 Bxf5 17. Nxg4 hxg4 18. Bxg4 c6 19. Bxf5 Rxf5 20. Qg4 Rf7 21. Ne3 Qe7 22. 0-0-0 Qf6 23. Rh5 Re8 24. Rf5 Qe7 25. Rxe5 Qf8 26. Rxe8 Qxe8 27. Nf5 Qe6 28. Rd8+ Kh7 29. Qh5+ Bh6+ 30. Qxh6+ Qxh6+ 31. Nxh6 Kxh6 32. f3 Kg6 33. Bf2 b6 34. Rd6+ Kf5 35. a3 c5 36. Be3 Nc7 37. Kd2 Ke5 38. Rh6 Ne6 39. Rh5+ Kd6 40. Rd5+ Ke7 41. Ke2 Rh7 42. f4 Kf6 43. Kf3 Rh1 44. g4 Rb1 45. g5+ Ke7 46. Rd2 Nd4+ 47. Bxd4 cxd4 48. Ke4 Re1+ 49. Kxd4 Ke6 50. Rg2 Kf5 51. g6 Re8 52. g7 Rg8 53. Kd5 Rd8+ 54. Kc6 Rg8 55. Kb7 Kxf4 56. b4 Ke5 57. c5 1-0

[Event "EU Small Countries ol 7th"]
[Site "Sliema"]
[Date "2021.11.28"]
[Round "1.4"]
[White "Mazkevich, Elena"]
[Black "Carpenter, Paul A"]
[Result "1-0"]
[WhiteElo "1696"]
[BlackElo "1982"]
[PlyCount "115"]
[EventDate "2021.11.28"]
[EventType "team-tourn"]
[EventRounds "9"]
[EventCountry "MLT"]
[SourceTitle "CBM 205 Extra"]
[Source "ChessBase"]
[SourceDate "2022.01.31"]
[SourceVersion "1"]
[SourceVersionDate "2022.01.31"]
[SourceQuality "1"]
[WhiteTeam "ESNA Women"]
[BlackTeam "Jersey"]
[WhiteTeamCountry "NET"]
[BlackTeamCountry "GCI"]

1. d4 d6 2. c4 Nf6 3. Nc3 c6 4. e4 Qa5 5. Bd2 Qc7 6. f3 e5 7. d5 Nbd7 8. Nge2 Be7 9. Qc2 Nb6 10. b3 Bd7 11. a4 a5 12. g4 Bxg4 13. fxg4 Nxg4 14. Ng3 Bh4 15. Qd3 Nd7 16. Qf3 Ngf6 17. Be3 g5 18. Bh3 Rg8 19. Bxd7+ Nxd7 20. Rf1 Rg7 21. 0-0-0 Bxg3 22. hxg3 0-0-0 23. g4 f6 24. Rh1 Kb8 25. dxc6 bxc6 26. Qf2 Ka8 27. Rd3 Rb8 28. Kc2 Qb7 29. Rb1 Qb4 30. Na2 Qa3 31. Rb2 Nc5 32. Bxc5 dxc5 33. Qxf6 Rgb7 34. Qxc6 Ka7 35. Rd5 Rf8 36. Qxc5+ Qxc5 37. Rxc5 Rf2+ 38. Kb1 Rf1+ 39. Nc1 Rg1 40. Rxa5+ Kb8 41. Rxe5 Rxg4 42. Rh2 Rg1 43. Rb5 g4 44. Rxb7+ Kxb7 45. Rxh7+ Kc6 46. b4 g3 47. Kc2 g2 48. Rg7 Kd6 49. Ne2 Ra1 50. Rxg2 Rxa4 51. Kb3 Ra8 52. Nc3 Ke5 53. Rg5+ Kf6 54. Rd5 Rb8 55. b5 Ke7 56. Kb4 Rg8 57. b6 Rg2 58. c5 1-0

[Event "Online Olym Div4 B"]
[Site "Chess.com INT"]
[Date "2020.08.02"]
[Round "8.5"]
[White "Mazkevich, Elena"]
[Black "Nakabo, Peninah"]
[Result "1-0"]
[WhiteElo "1686"]
[BlackElo "1730"]
[PlyCount "136"]
[EventDate "2020.07.31"]
[EventType "team-tourn (rapid)"]
[EventRounds "9"]
[EventCountry "USA"]
[SourceTitle "CBM 198"]
[Source "ChessBase"]
[SourceDate "2020.10.31"]
[SourceVersion "1"]
[SourceVersionDate "2020.10.31"]
[SourceQuality "1"]
[WhiteTeam "Malta"]
[BlackTeam "Uganda"]
[WhiteTeamCountry "MLT"]
[BlackTeamCountry "UGA"]

1. d4 Nf6 2. c4 c5 3. d5 d6 4. Nc3 g6 5. e4 Nbd7 6. f4 Bg7 7. Nf3 0-0 8. Bd3 Re8 9. 0-0 Nb6 10. e5 Nfd7 11. Re1 Nf8 12. a4 a5 13. Nb5 dxe5 14. fxe5 Bg4 15. Bf4 e6 16. d6 Nbd7 17. Nc7 Rb8 18. Nxe8 Qxe8 19. h3 Bxf3 20. Qxf3 Qc8 21. Rad1 Nb6 22. b3 Nfd7 23. Rd2 Ra8 24. Rf2 f5 25. exf6 Nxf6 26. Bg5 Ne8 27. Qf7+ Kh8 28. Rxe6 Qd7 29. Qxd7 Nxd7 30. Rfe2 Nef6 31. Re7 b6 32. Bxf6 Nxf6 33. Rb7 Nh5 34. Ree7 Rf8 35. d7 Bd4+ 36. Kh2 Bf6 37. Re8 Kg7 38. d8Q+ Rf7 39. Rg8+ Kh6 40. Qd5 Re7 41. Rxe7 Bxe7 42. Qf3 Bg5 43. g4 Nf6 44. Rf8 Nd7 45. Re8 Nf6 46. Rf8 Nd7 47. Rg8 Nf6 48. Ra8 Kg7 49. Qb7+ Kh6 50. Ra7 Bf4+ 51. Kg2 Kg5 52. Kf3 h5 53. gxh5 gxh5 54. Qxb6 Be5 55. Rg7+ Kh4 56. Qd8 Kxh3 57. Rf7 Ng4 58. Bf5 Bd4 59. Bxg4+ hxg4+ 60. Ke4 g3 61. Rh7+ Kg2 62. Qg5 Bf2 63. Qh5 Kf1 64. Qh1+ Ke2 65. Qg2 Kd2 66. Rg7 Kc3 67. Rxg3+ Bxg3 68. Qxg3+ Kb4 1-0

[Event "Online Olym Div4 B"]
[Site "Chess.com INT"]
[Date "2020.08.01"]
[Round "6.4"]
[White "Mazkevich, Elena"]
[Black "Uwamahoro, Christelle"]
[Result "1-0"]
[WhiteElo "1686"]
[BlackElo "1209"]
[PlyCount "51"]
[EventDate "2020.07.31"]
[EventType "team-tourn (rapid)"]
[EventRounds "9"]
[EventCountry "USA"]
[SourceTitle "CBM 198"]
[Source "ChessBase"]
[SourceDate "2020.10.31"]
[SourceVersion "1"]
[SourceVersionDate "2020.10.31"]
[SourceQuality "1"]
[WhiteTeam "Malta"]
[BlackTeam "Rwanda"]
[WhiteTeamCountry "MLT"]
[BlackTeamCountry "RWA"]

1. d4 d5 2. c4 Nf6 3. Nc3 Be6 4. cxd5 Nxd5 5. e4 Nxc3 6. bxc3 h5 7. h3 f5 8. e5 g6 9. Nf3 Bg7 10. Bg5 Qd5 11. Bd3 Qc6 12. Qd2 Nd7 13. 0-0 b6 14. Rfc1 Bc4 15. Bc2 Bd5 16. Nh4 Qe6 17. Bd3 c5 18. c4 Bb7 19. d5 Qxe5 20. Nxg6 Qb8 21. Qe3 e5 22. Nxh8 Bxh8 23. Bxf5 Ba6 24. Bg6+ Kf8 25. Qf3+ Kg7 26. Qf7# 1-0

[Event "Online Olym Div4 B"]
[Site "Chess.com INT"]
[Date "2020.08.01"]
[Round "4.3"]
[White "Mazkevich, Elena"]
[Black "Yazji, Mada"]
[Result "1/2-1/2"]
[WhiteElo "1686"]
[BlackElo "1704"]
[PlyCount "146"]
[EventDate "2020.07.31"]
[EventType "team-tourn (rapid)"]
[EventRounds "9"]
[EventCountry "USA"]
[SourceTitle "CBM 198"]
[Source "ChessBase"]
[SourceDate "2020.10.31"]
[SourceVersion "1"]
[SourceVersionDate "2020.10.31"]
[SourceQuality "1"]
[WhiteTeam "Malta"]
[BlackTeam "Syria"]
[WhiteTeamCountry "MLT"]
[BlackTeamCountry "SYR"]

1. d4 d5 2. c4 e6 3. Nc3 c6 4. Nf3 Nf6 5. Bg5 Be7 6. e3 Nbd7 7. cxd5 exd5 8. Bd3 0-0 9. 0-0 h6 10. Bh4 Ne4 11. Bxe7 Qxe7 12. Qc2 Ndf6 13. Ne5 Nd6 14. h3 Be6 15. Rac1 Nd7 16. Nf3 Qf6 17. Qe2 Rfe8 18. Na4 Bf5 19. b4 Bxd3 20. Qxd3 a6 21. Nc5 Nxc5 22. dxc5 Ne4 23. a3 Qe7 24. Rfd1 a5 25. Ra1 axb4 26. axb4 Qf6 27. Qd4 Qxd4 28. Nxd4 Nc3 29. Rdc1 Na2 30. Rcb1 Nc3 31. Rxa8 Rxa8 32. Rc1 Ne4 33. f3 Nd2 34. Rc2 Nc4 35. Re2 Re8 36. Kf2 Kh7 37. e4 dxe4 38. Rxe4 Rxe4 39. fxe4 Kg6 40. Nf5 Ne5 41. Ke3 Kf6 42. Nd6 Ke6 43. Nxb7 Nc4+ 44. Kd4 Nd2 45. Nd8+ Kd7 46. Nxf7 Nb3+ 47. Kc3 Nc1 48. Ne5+ Kc7 49. Kc2 Na2 50. Kb3 Nc1+ 51. Kc4 Ne2 52. g4 Nf4 53. h4 Ne6 54. Nf7 Nf4 55. g5 hxg5 56. Nxg5 Ng6 57. Ne6+ Kd7 58. Nxg7 Nxh4 59. Nf5 Nf3 60. Kc3 Ne5 61. Kd4 Nf3+ 62. Ke3 Ne5 63. Kd2 Nc4+ 64. Kc3 Ne5 65. Nd4 Nf7 66. e5 Nxe5 67. b5 cxb5 68. Nxb5 Kc6 69. Kd4 Nf3+ 70. Kc4 Ne5+ 71. Kd4 Nf3+ 72. Ke3 Kxb5 73. Kxf3 Kxc5 1/2-1/2